000 00809nab a2200193 4500
001 244442
003 OSt
005 20240410080725.0
007 tu
008 200917s2020|||||||
040 _aDE-2950
_cDE-2950
245 0 0 _aDrei Reichskanzler kamen aus Frankfurt
_bStadtgeschichte. 1815 wurde Frankfurt (Oder) Sitz der Bezirksregierung. Das wirklich sich nicht nur positiv auf die Stadtentwicklung aus, sondern brachte in der Folge auch Politiker mit Bezug zur Stadt hervor, die an vorderer Stelle im Staat im 1871 gegründeten Deutschen Reich wirkten/ .
_cRalf-Rüdiger Targiel
264 _c2024
653 _aFrankfurt (Oder)
653 _aStadtgeschichte
653 _aReichskanzler
773 0 _g35. Jahrgang (2024) Nr. 73 vom 09.04.2024, S. 16 mit Foto
_tMärkische Oderzeitung
942 _2z
_cA
999 _c373063
_d373063